Normal view
MARC view
- ELALI,S.TAAN
Entry Personal Name
001 - CONTROL NUMBER
- control field: 91520
003 - CONTROL NUMBER IDENTIFIER
- control field: NUST
005 - DATE AND TIME OF LATEST TRANSACTION
- control field: 20220512101440.0
008 - FIXED-LENGTH DATA ELEMENTS
- fixed length control field: 220512|| aca||aabn | a|a d
040 ## - CATALOGING SOURCE
- Original cataloging agency: NUST
- Transcribing agency: NUST
100 ## - HEADING--PERSONAL NAME
- Personal name: ELALI,S.TAAN
670 ## - SOURCE DATA FOUND
- Source citation: Work cat.: (NUST): ELALI,S.TAAN., CONTINUOUS SIGNALS AND SYSTEM WITH MATLAB /, 2021.
